000
00345 a2200157 4500
001
71697
020
_a
8526250795
040
_c
Anchieta - Colégio São Paulo
100
_a
López, Amélia
240
1
0
_a
Robinson Crusoé
_l
por
245
1
0
_a
Robinson Crusoé
300
_a
30
362
0
_a
2004
650
4
_a
Literatura infantil
942
_c
BK
999
_c
71697
_d
71697